Statistics for Top 10 Most Populated Cities in the U. S. A.

Click here to take the quiz!

General Stats

  • This quiz has been taken 148 times
    (103 since last reset)
  • The average score is 8 of 10

Answer Stats

HintAnswer% Correct
2) 3,884,300Los Angeles
100%
3) 2,718,700Chicago
93%
4) 2,195,200Houston
88%
9) 1,257,600Dallas
86%
1) 8,405,800New York City
85%
5) 1,553,100Philadelphia
77%
6) 1,513,300Phoenix
70%
8) 1,355,800San Diego
70%
7) 1,409,000San Antonio
59%
10) 998,500San Jose
47%

Score Distribution

Percentile by Number Answered

Percent of People with Each Score

Your Score History

You have not taken this quiz since the last reset